drop dead - Olivia Rodrigo (All Lyrics) - Statistics

General Stats
  • This quiz has been taken 87 times
  • The average score is 337 of 397
Answer Stats
Lyrics % Correct
a
100%
I
100%
the
100%
The
100%
an
98%
And
97%
and
97%
know
97%
that
97%
you
97%
You
97%
in
95%
Like
95%
like
95%
Like,
95%
night
95%
night,
95%
bed
93%
But
93%
dead
93%
drop
93%
internet
93%
intuition
93%
kiss
93%
Kiss
93%
me,
93%
me
93%
of
93%
on
93%
stalked
93%
was
93%
always
92%
at
92%
feminine
92%
it
92%
It's
92%
might
92%
one
92%
One
92%
this
92%
us
92%
bored
90%
had
90%
he
90%
standin'
90%
11
89%
bar
89%
closes
89%
vision
89%
angel
87%
'Cause
87%
never
87%
Oh,
87%
standing
87%
to
87%
you're
87%
You're
87%
all
85%
All
85%
beer
85%
finish
85%
hope
85%
I've
84%
lookin'
84%
Versailles
84%
walls
84%
ever
82%
go
82%
Heaven"
82%
so,
82%
so
82%
have
80%
"Just
80%
just
80%
we
80%
bathroom
79%
if
79%
If
79%
most
79%
right
79%
then
79%
up
79%
words
79%
been
77%
them
77%
why
77%
alive
75%
boy
75%
gut
75%
here
75%
I'm
75%
punch
75%
line
74%
real
74%
wrote
74%
feel
72%
I'd
72%
throw
72%
France?
70%
Gemini
70%
Japan,
70%
love
70%
Now
70%
or
70%
Pisces
70%
pressed
70%
pretty,
70%
think
70%
Eurostar
69%
got
69%
Left
69%
together
69%
gum
67%
paranoid
67%
chewing
66%
home
66%
made
66%
really
66%
stay
66%
stuff
66%
taken
66%
Yeah,
66%
bunch
64%
hook,
64%
let
64%
nice
64%
slow
64%
can
62%
could
62%
forever
62%
how
61%
walked
61%
Well,
61%
make
59%
my
59%
Clothes
56%
off
56%
out
56%
tell
56%
world
56%
whole
54%
damn
52%
ground
52%
hand,
52%
droppin'
51%
held
51%
hints
51%
promise,
51%
goddamn
49%
maybe
48%
Let's
46%
let's
46%
fall
44%
steady,
44%
makeout
43%
(Ah)
25%
No matching quizzes found
Score Distribution
Percent of People with Each Score
Percentile by Number Answered
Your Score History
You have not taken this quiz